Desarrollo econm̤ico, proteccin̤ ambiental y bienestar social

Bibliographic Details
Main Author: Michinel ℓlvarez, Miguel Angel
Format: eBook
Language:Spanish
Published: Madrid : Dykinson, 2011
Subjects:
Online Access:Acceso restringido

MARC

LEADER 00000nam a22000007a 4500
005 20120925180723.0
007 cr|||| ||||
008 120925s2011 sp |||||s|||| 00||0|spa d
020 |a 978-84-15454-92-2 
035 |a 6311 
040 |a vLex 
090 |c 3474  |d 3474 
100 1 |a Michinel ℓlvarez, Miguel Angel 
245 1 0 |a Desarrollo econm̤ico, proteccin̤ ambiental y bienestar social  |h [Recurso electrn̤ico] /  |c Miguel Angel Michinel ℓlvarez  
256 |a Servicio en ln̕ea 
260 |a Madrid :  |b Dykinson,  |c 2011 
300 |a 1 recurso electrn̤ico 
506 1 |a Contenido solo disponible en los productos indicados  |d vLex Global   |d vLex Global (Academic Edition, excluding Law Schools)   |d vLex Global (U.S. Academic Edition, Law Schools)   |d vLex Global (U.S. Academic Edition, excluding Law Schools)   |d vLex Global (Academic Edition, Law Schools)  
650 0 4 |a Desarrollo econm̤ico 
650 0 4 |a Medio ambiente 
650 0 4 |a Bienestar social 
740 0 |a vLex Libros (Servicio en ln̕ea) 
856 4 0 |u http://vlex.com/source/desarrollo-economico-proteccion-ambiental-bienestar-social-6311  |z Acceso restringido 
942 |c BOOK 
999 0 |a environment 
999 0 |a Economic development 
999 0 |a Social welfare